000 00756cam a2200241 4500
008 090401t1990 xxu||||| |||| 00| 0 eng d
020 _a011752350X
035 _a(Sirsi) u44975
041 _aeng
110 _aUnited Kingdom
_bDepartment of the Environment
_9982
245 _aLocal Government Housing Act 1989 : house renovation grants
260 _aLondon
_bHMSO
_c1990
300 _a4p. ; 25cm.
350 _a0.8
490 _aDoE Circular
_v12/90 26 October 1990 (Supplement)
520 _aSupplement to DoE Circular 12/90.
650 _aHOUSE RENOVATION GRANTS
650 _aLOCAL GOVERNMENT AND HOUSING ACT 1989
690 _aBUILDING AND CONSTRUCTION-REPAIRS AND MAINTENANCE
690 _aHOUSING
942 _n0
948 _c04/03/1997
999 _c91624
_d91624